Christian social thought in India, 1947-1962 : (Record no. 87752)
[ view plain ]
| 000 -LEADER | |
|---|---|
| fixed length control field | 00921cam a2200241 4500 |
| 001 - CONTROL NUMBER | |
| control field | sa 68017494 |
| 003 - CONTROL NUMBER IDENTIFIER | |
| control field | DLC |
| 005 - DATE AND TIME OF LATEST TRANSACTION | |
| control field | 20260227112703.0 |
| 008 - FIXED-LENGTH DATA ELEMENTS--GENERAL INFORMATION | |
| fixed length control field | 711008s1967 ii b 000 0 eng |
| 010 ## - LIBRARY OF CONGRESS CONTROL NUMBER | |
| LC control number | sa 68017494 |
| 025 ## - OVERSEAS ACQUISITION NUMBER | |
| Overseas acquisition number | PL480:I-E-10820 |
| 040 ## - CATALOGING SOURCE | |
| Original cataloging agency | DLC |
| Transcribing agency | DLC |
| Modifying agency | DLC |
| 043 ## - GEOGRAPHIC AREA CODE | |
| Geographic area code | a-ii--- |
| 050 00 - LIBRARY OF CONGRESS CALL NUMBER | |
| Classification number | HN39.I4 |
| Item number | H62 |
| 100 1# - MAIN ENTRY--PERSONAL NAME | |
| Personal name | Hoffman, Bengt Runo, |
| Dates associated with a name | 1913- |
| 245 10 - TITLE STATEMENT | |
| Title | Christian social thought in India, 1947-1962 : |
| Remainder of title | an evaluation / |
| Statement of responsibility, etc. | by Bengt R. Hoffman. |
| 260 ## - PUBLICATION, DISTRIBUTION, ETC. | |
| Place of publication, distribution, etc. | Bangalore : |
| Name of publisher, distributor, etc. | Christian Institute for the Study of Religion and Society, |
| Date of publication, distribution, etc. | 1967. |
| 300 ## - PHYSICAL DESCRIPTION | |
| Extent | 224 p. ; |
| Dimensions | 19 cm. |
| 440 #0 - SERIES STATEMENT/ADDED ENTRY--TITLE | |
| Title | Social concerns series ; |
| Volume/sequential designation | no. 14 |
| 500 ## - GENERAL NOTE | |
| General note | Revision and abridgement of the author's thesis (doctoral--Yale University, 1963) under the title: Indian Protestant and Orthodox scoail ethics, 1947-1962. |
| 504 ## - BIBLIOGRAPHY, ETC. NOTE | |
| Bibliography, etc. note | Includes bibliographical references. |
| 650 #0 - SUBJECT ADDED ENTRY--TOPICAL TERM | |
| Topical term or geographic name entry element | Church and social problems |
| Geographic subdivision | India. |
No items available.